NFL WR's by Team History - 2025 - Statistics

General Stats
  • This quiz has been taken 144 times
  • The average score is 11 of 12
Answer Stats
Team Player % Correct
KC, MIA Tyreek Hill
99%
GB, LV, NYJ, LAR Davante Adams
98%
TEN, PHI A.J. Brown
95%
SEA, PIT D.K. Metcalf
93%
LAC, CHI, LAC Keenan Allen
93%
MIN, BUF, HOU, NE Stefon Diggs
93%
SF, WAS Deebo Samuel
92%
MIN, CAR, MIN Adam Thielen
90%
HOU, ARI, TEN, KC, BAL DeAndre Hopkins
90%
DEN, CLE Jerry Jeudy
87%
LV, DAL, CLE, BUF Amari Cooper
82%
ATL, JAC, TEN Calvin Ridley
79%
No matching quizzes found
Score Distribution
Percent of People with Each Score
Percentile by Number Answered
Your Score History
You have not taken this quiz